New rules for business tenancies (Record no. 117782)

MARC details
000 -LEADER
fixed length control field 01324cam a2200229 4500
001 - CONTROL NUMBER
control field ABS68067
008 - FIXED-LENGTH DATA ELEMENTS--GENERAL INFORMATION
fixed length control field 040728n2004 000 0 eng u
035 ## - SYSTEM CONTROL NUMBER
System control number (Sirsi) u126956
100 ## - MAIN ENTRY--PERSONAL NAME
Personal name Sydenham, A.
245 ## - TITLE STATEMENT
Title New rules for business tenancies
260 ## - PUBLICATION, DISTRIBUTION, ETC.
Date of publication, distribution, etc. 2004
490 ## - SERIES STATEMENT
Series statement Farm Tax Brief
Volume/sequential designation 19(6) July 2004, 7-8(2)
520 ## - SUMMARY, ETC.
Summary, etc. Discusses letting land and buildings for commercial purposes. Lettings are governed by the Landlord and Tenant Act 1954 Part II which confers security of tenure after the original fixed term has expired. Tenancies can be brought to end at the fixed time by the landlord and tenant making a joint application to the Court before the tenancy was granted. The Regulatory Reform (Business Tenancies) (England and Wales) Order 2003 has made it unnecessary to apply to the court provided certain conditions are met. Sets out the requirements. Concludes if flexibility is required, landlords may grant a fixed term lease with a rolling break clause which can be exercised by either party.
590 ## - LOCAL NOTE (RLIN)
Local note ABS
590 ## - LOCAL NOTE (RLIN)
Local note ABS
650 ## - SUBJECT ADDED ENTRY--TOPICAL TERM
Topical term or geographic name entry element LANDLORD AND TENANT ACT 1954
650 ## - SUBJECT ADDED ENTRY--TOPICAL TERM
Topical term or geographic name entry element BUSINESS TENANCIES
650 ## - SUBJECT ADDED ENTRY--TOPICAL TERM
Topical term or geographic name entry element FARM DIVERSIFICATION
650 ## - SUBJECT ADDED ENTRY--TOPICAL TERM
Topical term or geographic name entry element REGULATORY REFORM (BUSINESS TENANCIES) (ENGLAND AND WALES) ORDER 2003
690 ## - LOCAL SUBJECT ADDED ENTRY--TOPICAL TERM (OCLC, RLIN)
Topical term or geographic name as entry element RURAL-FARM BUSINESS MANAGEMENT
942 ## - ADDED ENTRY ELEMENTS (KOHA)
Suppress in OPAC 0
Holdings
Withdrawn status Lost status Source of classification or shelving scheme Damaged status Not for loan Home library Current library Shelving location Date acquired Total Checkouts Full call number Barcode Date last seen Copy number Price effective from Koha item type
    Dewey Decimal Classification     London London Journal article 28/07/2004   ABS68067 126956-1001 06/08/2019 1 06/08/2019 Journal article